• 首页
  • 本馆介绍
  • 公告通知
  • 最新文献
  • 馆藏检索
  • 电子资源
  • 读者导购
  • 参考咨询
  • 我的图书馆
  • 登录
  • 详细信息显示
  • 放入我的书架
  • 预约/预借图书
  • 作者相关作品
  • 分类相关作品
  • 丛书相关作品
  • 出版社相关作品

书目信息

  • 表格格式
  • 工作单格式
  • 卡片格式
题名:
文摘学概论
    
 
作者: 桑良至 著
分册:  
出版信息: 北京   中国书籍出版社  1993
页数: 332页
开本: 20cm
丛书名:
单 册:
中图分类: G353.23
科图分类:
主题词: 文摘--编制
电子资源:
ISBN: 7-5068-0133-7
000 00755nam0 2200241 45
001 0193041726
005 20051108103236.46
010    @a7-5068-0133-7@dCNY8.00
092    @aCN
100    @a19930919d1993 em y0chiy0121 ea
101 0  @achi@aeng
102    @aCN@b110000
105    @ay z 000yy
200 10 @a文摘学概论@Awen zhai xue gai lun@f桑良至著@Fsang liang zhi zhu
210    @a北京@c中国书籍出版社@d1993
215    @a332页@d20cm
330    @a论述了文摘的理论与实践,并从实用目的出发对很多没有标准的文摘,作了大胆的探讨、对于标准规定的太偏狭的界域作了拓宽。
540 1  @a文摘学@AWEN ZHAI XUE
606    @a文摘@x编制
690    @aG353.23@v4
701  0 @a桑良至@Asang liang zhi@4著
801  0 @aCN@bTSSF@c20051108
905    @a10447@dG353.23@e92
    
    文摘学概论/桑良至著.-北京:中国书籍出版社,1993
    332页;20cm
    
    
    ISBN 7-5068-0133-7:CNY8.00
    论述了文摘的理论与实践,并从实用目的出发对很多没有标准的文摘,作了大胆的探讨、对于标准规定的太偏狭的界域作了拓宽。
●
相关链接 在E读中查询图书 在五车中查询图书 在当当中查询图书 在豆瓣中查询图书


正题名:文摘学概论     索取号:G353.23/92         预约/预借

序号 登录号 条形码 馆藏地/架位号 状态 备注
1 0337834   203378344   第一样本阅览室/ [索取号:G353.23/92] 在馆    
唐山师范学院图书馆 欢迎您!
大连网信软件有限公司© 版权所有